LEADER 01040nam a2200253 4500 001 000000339886 003 CaOOAMICUS 005 20200710155451.0 008 200318s2007 it 000 u ita r 020 $a978-88-498-1685-3 040 $aSeMil$bita 100 1 $aSole, Giovanni.$0(OLS)http://semarc/name/111190 245 10$aFrancesco di Paola :$bil santo terribile come un leone /$cGiovanni Sole. 264 1$aSoveria Mannelli :$bRubbettino,$c2007. 300 $a113 p. ;$c18 cm 541 0 $aFondo mons. Mario Delpini 600 04$aFrancesco : da Paola .$0(OLS)http://semarc/subject/1931 850 $aSeMil 852 $aSeMil$W1$xVenegono$y1$m3H I 551$j221015$B231074$CSeMilBibl$Z2$F231074 $81 941 1 $a7 996 $6020$a978-88-498-1685-3$9(OLS)http://semarc/number/290195 996 $6245$aFrancesco di Paola :$bil santo terribile come un leone$9(OLS)http://semarc/title/428815 996 $6264$aSoveria Mannelli :$bRubbettino$9(OLS)http://semarc/publisher/32145 LEADER 01074nam a2200265 i 4500 001 000000050500 003 CaOOAMICUS 005 20120309000000.0 008 120309s1993 it u000 u ita u 013 $a21671 020 $a88-452-2097-4 040 $aSeMil$bita 100 1 $aGuitton, Jean,$d<1901-1999>.$0(OLS)http://semarc/name/848 240 10$aCe que je crois.$0(OLS)http://semarc/title/77087 245 10$aChe cosa credo /$cJean Guitton ; traduzione di Marta Spranzi ; prefazione all'edizione italiana di Giulio Giorello. 260 $aMilano :$bBompiani,$c1993. 300 $a162 p. ;$c23 cm. 650 4$aCattolicesimo.$0(OLS)http://semarc/subject/2438 700 1 $aSpranzi, Marta.$0(OLS)http://semarc/name/25020 850 $aSeMil 852 $aSeMil$W1$xVenegono$y1$m2C II 394$j16655$B16655$CSeMilBibl$Z2$F16655 $81 961 $aOmaggio: Donazione 996 $6020$a88-452-2097-4$9(OLS)http://semarc/number/24331 996 $6245$aChe cosa credo$9(OLS)http://semarc/title/77086 996 $6260$aMilano :$bBompiani$9(OLS)http://semarc/publisher/29706